Responses for show #7311 - Monday, May 30, 2016

Casey Desantis of Guinness World Records presents Harry Friedman with a framed certificate recognizing his producing record: "The most game shows produced is 11,128 episodes, and was achieved by Harry Friedman (USA), Executive Producer for the TV shows Wheel of Fortune and Jeopardy! as of 31 March 2016".

Contestants

Wilcley Lima, an I.T. manager originally from Orlando, Florida

Bryna Fischer, an editor from Westlake Village, California

Erin Delaney, an English professor from North Hills, California (whose 1-day cash winnings total $24,401)

Jeopardy! Round responses

NFL TEAM NAMES
THE CONSTITUTION
FEMALE BOOK CHARACTERS
THE EAGLES
HOTEL CALIFORNIA
TAKE IT "EZ"
    $200 6
the Bears

Bryna
    $200 21
18

Bryna
    $200 1
Anna Karenina

Erin
    $200 11
a fleur-de-lis

Erin
    $200 26
San Francisco

Bryna
    $200 16
the fez

Erin
    $400 7
the Cardinals

Bryna
    $400 22
Pennsylvania

Wilcley
    $400 2
Fifty Shades of Grey

Erin
    $400 12
(Wilcley: Who is American Eagle? ... What is American Eagle?)
(Alex: No. Erin.)
(Erin: What is [*]?)
(Alex: Outfitters, yes. AEO. All three needed.)
[Ruling reversed, and Wilcley credited, at first break]

American Eagle Outfitters

ErinWilcley
    $400 27
Nixon

Erin
    $400 17
trapeze

Wilcley
    $600 8
the Browns

Wilcley
    $2,400 23
due process

Wilcley
    $600 3
Daisy (Buchanan)

Erin
    $600 13
Linda Ronstadt

Triple Stumper
    $600 28
Munchkins

Bryna
    $600 18
(Alex: [*] instead of cerveza.)

cabeza

Wilcley
    $800 9
the Vikings

Bryna
    $800 24
(Bryna: Who is Monroe?)
(Erin: Who is Jefferson?)

James Madison

ErinBryna
Triple Stumper
    $800 4
Miss Marple

Bryna
    $800 14
snowmobiles

Erin
    $800 29
the Disneyland Hotel

Erin
    $800 19
Jezebel

Bryna
    $1000 10
the Buffalo Bills

Triple Stumper
    $1000 25
weights & measures

Wilcley
    $1000 5
Moll Flanders

Bryna
    $1000 15
Sallah ad-Din (Saladin)

Triple Stumper
    $1000 30
the Ambassador

Bryna
    $1000 20
the Zambezi

Erin

Scores at the first commercial break (after clue 15):

Erin Bryna Wilcley
$2,600 $3,200 $1,000

Scores at the end of the Jeopardy! Round:

Erin Bryna Wilcley
$4,200 $5,200 $5,800

Double Jeopardy! Round responses

I'M SAXON & I KNOW IT
PHYSICS TEST
5-SYLLABLE WORDS
RELIGIOUS TITLES
AFRICAN COUNTRIES
RIGHT INITIALS, WRONG VOICE
(Alex: You have to identify the right performer for us.)
    $400 15
Denmark

Erin
    $400 20
the freezing & boiling points of water

Wilcley
    $400 1
opportunity

Erin
    $400 6
Hinduism

Bryna
    $400 12
Uganda

Erin
    $400 11
Kelsey Grammer

Erin
    $800 16
the Angles

Erin
    $800 21
quark

Bryna
    $800 2
abominable

Erin
    $800 7
rabbi

Bryna
    $800 13
Namibia

Bryna
    $800 25
Antonio Banderas

Erin
    $1200 17
(Bryna: What is Xmas?
(Wilcley: What is Yuletide?)

Yule

ErinBrynaWilcley
    $1200 22
a field

Bryna
    $3,000 3
velociraptor

Erin
    $1200 8
the primate

Triple Stumper
    $1200 14
(Wilcley: What is Libya?)

Ethiopia

Wilcley
Triple Stumper
    $1200 26
Isaac Hayes

Erin
    $1600 18
(Wilcley: Who is William the Conqueror?)

Charlemagne

ErinWilcley
    $1600 23
direction

Wilcley
    $1600 4
an abolitionist

Bryna
    $2,000 9
dervishes

Bryna
    $1600 29
Sierra Leone

Erin
    $1600 27
Boris Karloff

Triple Stumper
    $2000 19
Gaelic

Bryna
    $2000 24
(Max) Planck

Bryna
    $2000 5
the Intolerable Acts

Bryna
    $2000 10
the panchen lama

Triple Stumper
    $2000 30
(Erin: What is Guinea?)

Senegal

Erin
Triple Stumper
    $2000 28
Jay Baruchel

Triple Stumper

Scores at the end of the Double Jeopardy! Round:

Erin Bryna Wilcley
$14,800 $17,600 $3,800

[wagering suggestions for these scores]

Final Jeopardy! Round responses

PLAYWRIGHTS
(Alex: [To Erin] Were you thinking of Lady Windermere's Fan?)
(Erin: I was thinking of "lounging".)
WilcleyWho is ?
$0
ErinWho is Oscar Wilde?
$14,798
BrynaWho was Shaw
$12,001
Oscar Wilde

Final scores:

Erin Bryna Wilcley
$29,598 $5,599 $3,800
2-day champion: $53,999 2nd place: $2,000 3rd place: $1,000

Game dynamics:

Coryat scores:

Erin Bryna Wilcley
$13,000 $17,200 $2,000
22 R
(including 1 DD),
2 W
20 R
(including 1 DD),
2 W
9 R
(including 1 DD),
3 W

Combined Coryat: $32,200

The J! Archive is created by fans, for fans. The Jeopardy! game show and all elements thereof, including but not limited to copyright and trademark thereto, are the property of Jeopardy Productions, Inc. and are protected under law. This website is not affiliated with, sponsored by, or operated by Jeopardy Productions, Inc. Join the discussion at JBoard.tv.